Normal view
MARC view
- MATHEMATICAL MODELLING
Entry Topical Term
001 - CONTROL NUMBER
- control field: 76769
003 - CONTROL NUMBER IDENTIFIER
- control field: NUST
005 - DATE AND TIME OF LATEST TRANSACTION
- control field: 20210628205716.0
008 - FIXED-LENGTH DATA ELEMENTS
- fixed length control field: 210628|| aca||aabn | a|a d
040 ## - CATALOGING SOURCE
- Original cataloging agency: NUST
- Transcribing agency: NUST
150 ## - HEADING--TOPICAL TERM
- Topical term or geographic name entry element: MATHEMATICAL MODELLING
670 ## - SOURCE DATA FOUND
- Source citation: Work cat.: (NUST): Mahony, John J Fowkes, Neville D 76768, An introduction to mathematical modelling, 1994
